000 00518nam a2200181Ia 4500
999 _c36927
_d36927
003 OSt
005 20210123133409.0
008 190216s9999||||xx |||||||||||||| ||und||
020 _a9780375428555
040 _coclc
082 _a428.0076
_bFRA/C
100 _aFranek, Rob
_98393
245 0 _aCracking The TOEFL iBT 2009 Edition /
_cRob Franek
260 _bRandom House,
_c2008.
_aNew York:
300 _a598p
650 _aReferences
942 _cREF
_2ddc
_h428.0076
_iFRA/C
_k428.0076
_mFRA/C